000 01243nam a2200313 i 4500
003 DO-SdBNP
005 20260512100004.0
007 ta
008 260512b1994 dr ac||| |||| 00| 0 spa d
040 _aDO-SdBNP
_bspa
_cBNPHU
_erda
041 _aspa
082 4 _a923.27293
_bD812b 1994
_222
100 1 _a Balaguer, Joaquín,
_d1906-2002
_4aut.
_eautor
_976556
245 1 3 _aEl cristo de la libertad :
_bvida de Juan Pablo Duarte /
_cJoaquín Balaguer
250 _aEdición especial
264 1 _aSanto Domingo :
_bEditora Corripio,
_c1994.
300 _a248 páginas :
_bilustraciones, fotografías, retratos ;
_c24 cm.
336 _atexto
_btxt
_2rdacontent
337 _asin mediación
_bn
_2rdamedia
338 _avolumen
_bnc
_2rdacarrier
500 _aºIncluye datos biográficos del autor en las solapas
500 A _aIncluye referencias bibliográficas y notas al pie de las páginas
505 _aEl Hombre--
_tEl Patriota--
_tEl Mártir--
_tFisionomía moral del Padre de la patria.
590 _aInventariado 2026/BT
600 1 0 _aDuarte, Juan Pablo,
_d1813-1876
_91494
650 7 _aEstadístas
_zRepública Dominicana
_945404
_xBiografía
_2LIBRUNAM
910 _aBtavárez /Validado. Control de calidad MFF
942 _2ddc
_cLBS1
999 _c60714
_d60714